LEADER 01165nam--2200385---450- 001 990000416590203316 005 20050920140033.0 010 $a88-15-04238-5 035 $a0041659 035 $aUSA010041659 035 $a(ALEPH)000041659USA01 035 $a0041659 100 $a20010426h----1993km-y0itay0103----ba 101 $ait 102 $aITA 105 $a||||||||001yy 200 1 $a<> elisio effimero$escrittori in giardino$fBruno Basile 210 $aBologna$cIl Mulino$h1993 215 $a195 p.$d22 cm 225 2 $aRicerca$iLinguistica e critica letteraria 410 $12001$aRicerca$iLinguistica e critica letteraria 606 0 $aGiardini nella letteratura$zSec. 16.-19. 676 $a809.9336 700 1$aBASILE,$bBruno$033583 801 0$aIT$bsalbc$gISBD 912 $a990000416590203316 951 $aVIII.3. 775(VI B COLL. 68/59)$b128300 LM$cVI B COLL. 959 $aBK 969 $aUMA 979 $aPATTY$b90$c20010426$lUSA01$h0933 979 $c20020403$lUSA01$h1649 979 $aPATRY$b90$c20040406$lUSA01$h1629 979 $aCOPAT6$b90$c20050920$lUSA01$h1400 996 $aElisio effimero$9875015 997 $aUNISA LEADER 00908nam0-2200313li-450 001 990000147080203316 005 20180312154653.0 035 $a0014708 035 $aUSA010014708 035 $a(ALEPH)000014708USA01 035 $a0014708 100 $a20001109d1983----km-y0itay0103----ba 101 0 $aeng 102 $aUS 200 1 $aDiscrete mathematics for computer scientists$fJoe L. Mott 700 1$aMott,$bJoe L.$0746189 702 1$aBaker,$bTheodore P. 702 1$aKandel,$bAbraham 801 $aSistema bibliotecario di Ateneo dell' Università di Salerno$gRICA 912 $a990000147080203316 951 $a511.6 MOT$b0019493 959 $aBK 969 $aSCI 979 $c19910211 979 $c20001110$lUSA01$h1712 979 $c20020403$lUSA01$h1622 979 $aPATRY$b90$c20040406$lUSA01$h1611 996 $aDiscrete mathematics for computer scientists$91489143 997 $aUNISA